Ein Geschenk Gottes an unsere Zeit

Titel: Ein Geschenk Gottes an unsere Zeit : Leben und Sendung der hl. Schwester Faustyna / Elżbieta Siepak. [Dt. Übertr. Sabine Lipińska]
Verfasser:
Veröffentlicht: Krakau : Misericordia-Verlag, 2007
Umfang: 149 Seiten ; 17 cm
Format: Buch
Sprache: Deutsch
Einheitssachtitel: Dar Boga dla naszych czasów
Schlagworte:
ISBN: 9788389731562 ; 8389731568
Buchumschlag
X
Lokale Klassifikation: 2 K 1879
alg: 21712728
001A    $06000:22-10-09 
001B    $01999:25-06-24 $t16:00:31.000 
001D    $06000:22-10-09 
001U    $0utf8 
001X    $00 
002@    $0Aaxaf 
002C    $aText $btxt $2rdacontent 
002D    $aohne Hilfsmittel zu benutzen $bn $2rdamedia 
002E    $aBand $bnc $2rdacarrier 
003@    $0217127282 
003O    $0189560669 $aOCoLC 
004A    $A978-83-89731-56-2 $fkart 
004A    $083-89731-56-8 $fkart. 
006G    $0991250729 
006U    $009,A44,0308 $f20081113 
007A    $0991250729 $aDNB 
007G    $0DE020C0CD0E3466A7B6CEC1257886002C94DF 
007T    $0Herdhh217127282 
009P    $qapplication/pdf $A2 $3Inhaltsverzeichnis $uhttp://scans.hebis.de/HEBCGI/show.pl?21712728_toc.pdf $mV:DE-603;B:DE-Mb50 
010@    $ager 
011@    $a2007 $n2007 
017A    $asf 
021A    $aEin @Geschenk Gottes an unsere Zeit $dLeben und Sendung der hl. Schwester Faustyna $hElżbieta Siepak. [Dt. Übertr. Sabine Lipińska] 
022A    $aDar Boga dla naszych czasów 
028A    $BVerfasser $#Siepak, Maria Elżbieta $#Siepak, Elżbieta $4aut $7 $8Siepak, Elźbieta [Tnd] $9153767979 
033A    $pKrakau $nMisericordia-Verlag 
034D    $a149 Seiten 
034I    $a17 cm 
044K    $qDNB $#Kowalska, Faustina $#Kowalska, Helena $#Kowalska, M. F. $#Kowalska, Maria Faustina $#Kowalska, Maria Faustyna $#Kowalska, Faustyna Svatá $#Kowalska, Faustina Santa $#Kowalska, Marie-Faustine Sainte $#Maria Faustyna  $#Maria Faustyna  $#Faustina  $#Faustyna  $#Faustyna  $#Faustina  $#Faustine  $#Faustina  $#Faustyna  $#Faustine  $#Faustyna Kowalska  $#Faustina  $7118956442 $8$PFaustyna$lSiostra$Z1905-1938 [Tp1] $9087296780 
045E    $c230 
045F    $a271.9202 $eDDC22ger 
045F/01 $a271.92 
045F/03 $g2 

lok: 21712728 24
101B    $021-04-11 $t07:56:36.000 
101C    $021-04-11 
101U    $0utf8 
145Z/01 $a2 K 1879 

exp: 21712728 24 1 #EPN
201B/01 $002-05-11 $t08:03:30.000 
201C/01 $023-02-10 
201U/01 $0utf8 
203@/01 $0588999733 
208@/01 $a02-05-11 $bz 
209A/01 $a11.02838 $du $f050 $h11 02838 $x00 
209C/01 $a11.02838 K $h11 02838 K 
209G/01 $a72705939 $x00 
220C/01 $awar/nie 
244Z/01 $#Kowalska, Faustina $#Kowalska, Helena $#Kowalska, M. F. $#Kowalska, Maria Faustina $#Kowalska, Maria Faustyna $#Kowalska, Faustyna Svatá $#Kowalska, Faustina Santa $#Kowalska, Marie-Faustine Sainte $#Maria Faustyna  $#Maria Faustyna  $#Faustina  $#Faustyna  $#Faustyna  $#Faustina  $#Faustine  $#Faustina  $#Faustyna  $#Faustine  $#Faustyna Kowalska  $#Faustina  $7118956442 $8--Tp1--$PFaustyna$lSiostra$Z1905-1938 $x01 $9087296780 
247C/01 $8358050-7 Marburg, Bibliothek des Herder-Instituts Marburg $9102600961 

lok: 21712728 78

exp: 21712728 78 1 #EPN
201B/01 $019-04-17 $t21:48:34.000 
201U/01 $0utf8 
203@/01 $0793820758 
208@/01 $a12-11-16 $be 
209A/01 $a/ $f000 $x00 
237A/01 $aweiterführende Signatur(en): : 11.02838 
244Z/01 $2Trx $8--Trx--Monographie $x01 $9391384546 
247C/01 $82080>Marburg/Lahn, Herder-Institut, Forschungsbibliothek, Bibliographieportal $9336309341
LEADER 00000cam a22000002c 4500
001 217127282
003 DE-603
005 20240625160031.0
007 tu
008 091022s2007 xx |||| | u00||u|ger
015 |a 09,A44,0308  |2 dnb 
016 7 |2 DE-101  |a 991250729 
020 |a 9788389731562  |c kart 
020 |a 8389731568  |c kart. 
035 |a (DE-599)DNB991250729 
035 |a (OCoLC)189560669 
040 |a DE-603  |b ger  |c DE-603  |d DE-603 
041 |a ger 
082 0 4 |8 1\u  |a 271.9202  |q DE-101  |2 22/ger 
084 |a 230  |q DE-101  |2 sdnb 
085 |8 1\u  |b 271.92 
085 |8 1\u  |z 2  |s 2 
090 |a b 
100 1 |a Siepak, Elźbieta  |e Verfasser  |4 aut  |0 (DE-603)153767979 
240 1 0 |a Dar Boga dla naszych czasów 
245 0 0 |a ˜Einœ Geschenk Gottes an unsere Zeit  |b Leben und Sendung der hl. Schwester Faustyna  |c Elżbieta Siepak. [Dt. Übertr. Sabine Lipińska] 
264 1 |a Krakau  |b Misericordia-Verlag  |c 2007 
300 |a 149 Seiten  |c 17 cm 
336 |a Text  |b txt  |2 rdacontent 
337 |a ohne Hilfsmittel zu benutzen  |b n  |2 rdamedia 
338 |a Band  |b nc  |2 rdacarrier 
600 0 7 |a Faustyna  |c Siostra  |d 1905-1938  |0 (DE-588)118956442  |0 (DE-603)087296780  |2 gnd 
856 4 2 |m V:DE-603;B:DE-Mb50  |q application/pdf  |u http://scans.hebis.de/HEBCGI/show.pl?21712728_toc.pdf  |3 Inhaltsverzeichnis 
924 0 |9 Mb 50  |a (DE-603)588999733  |b DE-Mb50  |c HES  |d c  |g 11.02838 
924 0 |9 2080  |a (DE-603)793820758  |b DE-2080  |c HES  |d d  |g /